000 00277nam a22001217a 4500
008 190226b xxu||||| |||| 00| 0 eng d
041 _aeng
080 _22nd
_a371
100 _a46
101 _aEDU
245 _aA Grammar of Present-day English
_cPence,R.W
942 _2udc
_cBK
999 _c54263
_d54263